00501 2200193 4500001002100000008004100021035002000062245003800082100002300120260003800143300001200181020001800193084001400211082000800225650001600233990001900249990001900268990002000287INLIS000000000002221 ind  a0010-0724002221 a20 Sifat AllahcNur Khoiro Umatin aUmatin, Nur Khoiro aYogyakarta :bCempaka Putihc2008 a68 hlm. a979-622-310-5 a297 NUR d a297 aAGAMA ISLAM aP29/CP/24/2221 aP29/CP/24/2221 aP29/CP/24/221.2